000 00441nam a2200181Ia 4500
001 19351
005 20260306172646.0
008 260306t2013||||xx |||||||||||||| ||spa||
041 _aESP
082 _a658.8342
_bS66 2013
100 _aSolomon, Michael R.
_eAUT
245 0 _aComportamiento del consumidor
260 _c2013
300 _axxiii, 615 páginas :
_c28 cm.
650 _aGEN
654 _aCAN
942 _cLIB
_dJUS
_fJUS
_2ddc
_n
999 _c19351
_d19351